LEADER 01188cam0-2200409---450 001 990000462870203316 005 20200512105138.0 010 $a88-8358-173-3 035 $a0046287 035 $aUSA010046287 035 $a(ALEPH)000046287USA01 035 $a0046287 100 $a20010522d2001----km-y0itay0103----ba 101 0 $aita 102 $aIT 105 $a||||||||001yy 200 1 $aContro Platone$fKarl R. Popper$gintroduzione di Massimo Baldini 210 $aRoma$cArmando$dcopyr. 2001 215 $a159 p.$d21 cm 225 2 $aPopperiana 410 0$12001$aPopperiana 600 1$aPlatone$2BNCF 676 $a184 700 1$aPOPPER,$bKarl R.$0159114 801 0$aIT$bsalbc$gISBD 912 $a990000462870203316 951 $aII.1.D. 1143(IV A 1510)$b157859 L.M.$cIV A$d00073380 959 $aBK 969 $aUMA 979 $aALESSANDRA$b40$c20010522$lUSA01$h1709 979 $aALESSANDRA$b40$c20010522$lUSA01$h1711 979 $c20020403$lUSA01$h1654 979 $aPATRY$b90$c20040406$lUSA01$h1632 979 $aCOPAT6$b90$c20050530$lUSA01$h1439 979 $aCOPAT6$b90$c20050530$lUSA01$h1439 996 $aContro Platone$9889378 997 $aUNISA LEADER 01103nam a22002771i 4500 001 991002410139707536 005 20040312151122.0 008 040407s1985 be |||||||||||||||||fre 020 $a2503360467 035 $ab1291860x-39ule_inst 035 $aARCHE-089821$9ExL 040 $aDip.to Scienze Storiche$bita$cA.t.i. Arché s.c.r.l. Pandora Sicilia s.r.l. 082 04$a262.9 100 1 $aBrommer, Peter$0172075 245 10$a"Capitula Episcoporum" :$bdie bischöflichen Kapitularien des 9. und 10. Jahrhunderts /$cvon Peter Brommer 260 $aTurnhout :$bBrepols,$c1985 300 $a66 p. ;$c24 cm 440 0$aTypologie des sources du Moyen Âge Occidental ;$v43 650 4$aDiritto canonico$xFonti$xBibliografia 650 4$aVescovi$xRelazioni$xCapitoli$xStoria 907 $a.b1291860x$b02-04-14$c16-04-04 912 $a991002410139707536 945 $aLE009 MSM VII Coll. 37/43$g1$i2009000331600$lle009$o-$pE0.00$q-$rn$so $t0$u0$v0$w0$x0$y.i13490527$z16-04-04 996 $a"Capitula Episcoporum"$9303636 997 $aUNISALENTO 998 $ale009$b16-04-04$cm$da $e-$ffre$gbe $h0$i1 LEADER 03187nam 2200637 450 001 9910814392003321 005 20230807212538.0 010 $a90-04-28081-2 024 7 $a10.1163/9789004280816 035 $a(CKB)3710000000342929 035 $a(EBL)1936119 035 $a(SSID)ssj0001420777 035 $a(PQKBManifestationID)11787853 035 $a(PQKBTitleCode)TC0001420777 035 $a(PQKBWorkID)11404081 035 $a(PQKB)10172176 035 $a(MiAaPQ)EBC1936119 035 $a(OCoLC)893452189 035 $a(nllekb)BRILL9789004280816 035 $a(Au-PeEL)EBL1936119 035 $a(CaPaEBR)ebr11014943 035 $a(CaONFJC)MIL718564 035 $a(OCoLC)902674238 035 $a(EXLCZ)993710000000342929 100 $a20150210h20152015 uy 0 101 0 $aeng 135 $aur|n|---||||| 181 $ctxt 182 $cc 183 $acr 200 00$aAvi Sagi $eexistentialism, pluralism, and identity /$fedited by Hava Tirosh-Samuelson and Aaron W. Hughes 210 1$aLeiden, The Netherlands :$cKoninklijke Brill,$d2015. 210 4$d©2015 215 $a1 online resource (209 p.) 225 1 $aLibrary of Contemporary Jewish Philosophers,$x2213-6010 ;$vVolume 10 300 $aDescription based upon print version of record. 311 $a90-04-28080-4 311 $a1-322-87282-1 320 $aIncludes bibliographical references. 327 $tPreliminary Material -- $tAvi Sagi: An Intellectual Portrait /$rHava Tirosh-Samuelson -- $tThe Punishment of Amalek in Jewish Tradition: Coping with the Moral Problem /$rAvi Sagi -- $tNatural Law and Halakhah: A Critical Analysis /$rAvi Sagi -- $tTikkun Olam: Between Utopian Idea and Socio-Historical Process /$rAvi Sagi -- $tJustifying Interreligious Pluralism /$rAvi Sagi -- $tInterview with Avi Sagi /$rHava Tirosh-Samuelson -- $tSelect Bibliography. 330 $aAvi Sagi is Professor of Philosophy at Bar Ilan University in Ramat Gan, Israel, and Senior Fellow at the Shalom Hartman Institute in Jerusalem, Israel. A philosopher, literary critic, scholar of cultural studies, historian and philosopher of halakhah, public intellectual, social critic, and educator, Sagi has written most lucidly on the challenges that face humanity, Judaism, and Israeli society today. As an intertextual thinker, Sagi integrates numerous strands within contemporary philosophy, while critically engaging Jewish and non-Jewish philosophers. Offering an insightful defense of pluralism and multiculturalism, his numerous writings integrate philosophy, religion, theology, jurisprudence, psychology, art, literature, and politics, charting a new path for Jewish thought in the twenty-first century. 410 0$aLibrary of contemporary Jewish philosophers ;$vVolume 10. 606 $aJewish philosophy 606 $aPhilosophy$y21st century 615 0$aJewish philosophy. 615 0$aPhilosophy 676 $a181/.06 702 $aTirosh-Samuelson$b Hava 702 $aHughes$b Aaron W.$f1968- 801 0$bMiAaPQ 801 1$bMiAaPQ 801 2$bMiAaPQ 906 $aBOOK 912 $a9910814392003321 996 $aAvi Sagi$94107806 997 $aUNINA